ក្មេងវត្ត សម័យបារាំង / (Record no. 1628)
[ view plain ]
| 000 -LEADER | |
|---|---|
| fixed length control field | 02566nam a22003017a 4500 |
| 001 - CONTROL NUMBER | |
| control field | 1628 |
| 003 - CONTROL NUMBER IDENTIFIER | |
| control field | FISKH |
| 005 - DATE AND TIME OF LATEST TRANSACTION | |
| control field | 20250530115158.0 |
| 008 - FIXED-LENGTH DATA ELEMENTS--GENERAL INFORMATION | |
| fixed length control field | 230912b cb ||||| |||| 00| 0 khr d |
| 020 ## - INTERNATIONAL STANDARD BOOK NUMBER | |
| International Standard Book Number | 59789995054762 |
| 040 ## - CATALOGING SOURCE | |
| Original cataloging agency | FISKH |
| Language of cataloging | eng |
| Transcribing agency | FISKH |
| Modifying agency | FISKH |
| 082 ## - DEWEY DECIMAL CLASSIFICATION NUMBER | |
| Classification number | 649.15 |
| 100 ## - MAIN ENTRY--PERSONAL NAME | |
| Personal name | Khai, Chut |
| 245 ## - TITLE STATEMENT | |
| Title | ក្មេងវត្ត សម័យបារាំង / |
| Statement of responsibility, etc. | រូបគំនូរដោយ ៖ ច័ន្ទ វិត្ថារិន្ទ |
| 250 ## - EDITION STATEMENT | |
| Edition statement | បោះពុម្ពលើកទី៨ ខែវិច្ឆិកា ឆ្នាំ២០២២ |
| 260 ## - PUBLICATION, DISTRIBUTION, ETC. | |
| Place of publication, distribution, etc. | Phnom Penh : |
| Name of publisher, distributor, etc. | Sipar, |
| Date of publication, distribution, etc. | 2022. |
| 300 ## - PHYSICAL DESCRIPTION | |
| Extent | 73 pages : |
| Other physical details | illustrations ; |
| Dimensions | 19 cm |
| 490 ## - SERIES STATEMENT | |
| Series statement | អក្សរសិល្ប៍យុវវ័យ |
| 505 ## - FORMATTED CONTENTS NOTE | |
| Formatted contents note | Z'<br/> |
| 520 ## - SUMMARY, ETC. | |
| Summary, etc. | ជុះអាចម៍ដាក់កុដិ លួចចង្ហាន់លោកស៊ី ចាក់ដៃលោកគ្រូនឹងស្លាបប៉ាការវើរវាយរឿងស្នេហា ជក់មើលល្ខោន ទាស់គ្នាព្រោះដណ្ដើមសំណែនអ្នកតា។ ក្មេងវត្តជំនាន់នោះនៅកុដិជាមួយគ្នាជាក្រុមៗ។ ពួកគេបរិភោគអាហារពីរពេលក្នុង១ថ្ងៃ រៀនអាននិងសរសេរអក្សរក្រោមការបង្ហាត់បង្ហាញរបស់ព្រះសង្ឃ ហើយត្រូវតបស្នងគុណលោកវិញដោយការច្របាច់ គក់ ពេលលោកឈឺថ្កាត់ និងដាំទឹកប្រគេនលោកជាដើម។ ក្មេងៗរៀនពូកែត្រូវលោកគ្រូបញ្ចូនឳ្យទៅរៀននៅ"សាលាបារាំង"។ |
| 520 ## - SUMMARY, ETC. | |
| Summary, etc. | The pagoda boys at that time stayed as groups in a room. They ate two meals a day, learned to read and write under the guidance of monks, and had to repay him by massaging him when he was sick and boiling water for him. Excellent students were sent by the teacher to study at the “French school” . |
| 521 8# - TARGET AUDIENCE NOTE | |
| Target audience note | 920<br/> <br/> |
| Source | Lexile estimate<br/> |
| 521 8# - TARGET AUDIENCE NOTE | |
| Target audience note | Z'<br/> |
| Source | Raz-Plus <br/> |
| 650 ## - SUBJECT ADDED ENTRY--TOPICAL TERM | |
| Topical term or geographic name entry element | ក្មេងវត្ត |
| Form subdivision | លួច |
| General subdivision | ឈ្លោះទាស់ទេង |
| Chronological subdivision | តបស្នង |
| 650 ## - SUBJECT ADDED ENTRY--TOPICAL TERM | |
| Topical term or geographic name entry element | Pagoda boy |
| Form subdivision | Stealing |
| General subdivision | Arguing |
| Chronological subdivision | Repay |
| 700 ## - ADDED ENTRY--PERSONAL NAME | |
| Personal name | Vitharin, Chan |
| Relator term | illustrator |
| 942 ## - ADDED ENTRY ELEMENTS (KOHA) | |
| Source of classification or shelving scheme | Dewey Decimal Classification |
| Koha item type | Khmer Books |
| Suppress in OPAC | No |
| Withdrawn status | Lost status | Source of classification or shelving scheme | Damaged status | Not for loan | Collection | Home library | Current library | Shelving location | Date acquired | Total Checkouts | Full call number | Barcode | Date last seen | Date last checked out | Copy number | Price effective from | Koha item type | Date due |
|---|---|---|---|---|---|---|---|---|---|---|---|---|---|---|---|---|---|---|
| Dewey Decimal Classification | Khmer Language Books / សៀវភៅភាសាខ្មែរ | Footprints International School Library Network Toul Kork Campus | Footprints International School Library Network Toul Kork Campus | TK Campus, Room B402, Khmer Book Case 16, Shelves 112-123 / ទូរសៀវភៅខ្មែរលេខ ១៦ ធ្នើរ ១១២ ដល់ ១២៣ បន្ទប់ B402 សាខាទួលគោក | 09/12/2023 | KHA 649.15 | 2023-0572 | 09/12/2023 | 2 | 09/12/2023 | Khmer Books | |||||||
| Dewey Decimal Classification | Khmer Language Books / សៀវភៅភាសាខ្មែរ | Footprints International School Library Network Toul Kork Campus | Footprints International School Library Network Toul Kork Campus | TK Old Khmer Books (Rear Hallway Shelf 3) | 06/27/2024 | 1 | KHA 649.15 | FISTK03683 | 01/05/2026 | 11/10/2025 | 3 | 06/27/2024 | Khmer Books | |||||
| Dewey Decimal Classification | Khmer Language Books / សៀវភៅភាសាខ្មែរ | Footprints International School Library Network Toul Kork Campus | Footprints International School Library Network Toul Kork Campus | TK Old Khmer Books (Rear Hallway Shelf 3) | 06/27/2024 | KHA 649.15 | FISTK05107 | 06/27/2024 | 4 | 06/27/2024 | Khmer Books | |||||||
| Dewey Decimal Classification | Khmer Language Books / សៀវភៅភាសាខ្មែរ | Footprints International School Library Network Toul Tom Poung Campus | Footprints International School Library Network Toul Tom Poung Campus | TTP Secondary Khmer Bookshelves | 09/12/2023 | 1 | KHA 649.15 | 2023-0571 | 12/01/2025 | 11/10/2025 | 1 | 09/12/2023 | Khmer Books | |||||
| Dewey Decimal Classification | Khmer Language Books / សៀវភៅភាសាខ្មែរ | Footprints International School Library Network Toul Tom Poung Campus | Footprints International School Library Network Toul Tom Poung Campus | TTP Primary Khmer Bookshelves | 04/08/2025 | 1 | KHA 649.15 | FIS05131 | 04/01/2026 | 04/01/2026 | 5 | 04/08/2025 | Khmer Books | 04/15/2026 | ||||
| Dewey Decimal Classification | Khmer Language Books / សៀវភៅភាសាខ្មែរ | Footprints International School Library Network Toul Tom Poung Campus | Footprints International School Library Network Toul Tom Poung Campus | TTP Secondary Khmer Bookshelves | 11/27/2025 | KHA 649.15 | 2025-4943 | 11/27/2025 | 6 | 11/27/2025 | Khmer Books |
